Paesi europei non aderenti alla NATO - Statistics

Statistiche generali
  • Questo quiz è stato fatto 124 volte
  • Il punteggio medio è 12 su 16
Statistiche sulle risposte
Paesi % Corretto
Serbia
89%
Andorra
88%
Svizzera
87%
Bielorussia
86%
San Marino
85%
Città del Vaticano
84%
Ucraina
82%
Liechtenstein
79%
Russia
78%
Bosnia ed Erzegovina
76%
Monaco
75%
Kosovo
74%
Malta
71%
Moldavia
67%
Austria
66%
Irlanda
61%
Nessun quiz corrispondente trovato
Distribuzione punteggi
Percentuale di utenti per punteggio
Percentile per numero di risposta
I tuoi punteggi nel tempo
Non hai fatto questo quiz